Les joueurs de l'Angers SCO en Ligue 1 2019/2020 - Statistiques

Statistiques générales
  • Ce quiz a été pris 311 fois
  • Le résultat moyen est 13 sur 26
Statistiques - réponses
Poste Pays Nom % Correct
D Cote d'Ivoire Ismaël Traoré
90%
D France Romain Thomas
89%
G France Ludovic Butelle
83%
M France Thomas Mangani
82%
D France Vincent Manceau
81%
D Cote d'Ivoire Abdoulaye Bamba
79%
M France Pierrick Capelle
79%
D Croatie Mateo Pavlović
72%
G Monténégro Danijel Petkovic
70%
A Cameroun Stéphane Bahoken
67%
A Tchad Casimir Ninga
60%
M Portugal Mathias Pereira Lage
60%
D Cote d'Ivoire Souleyman Doumbia
55%
M France Angelo Fulgini
52%
M France Baptiste Santamaria
51%
M Algérie Farid El Melali
48%
A Sénégal Sada Thioub
45%
A Maroc Rachid Alioui
36%
D France Rayan Aït-Nouri
36%
M France Jeff Reine-Adélaïde
32%
M France Antonin Bobichon
23%
D France Zinédine Ould Khaled
16%
D France Théo Pellenard
12%
A France Wilfried Kanga
10%
M France Vincent Pajot
9%
D France Ibrahim Cissé
8%
Aucun quiz correspondant
Distribution des résultats
% des personnes avec chaque résultat
Percentile par nombre de réponses
Votre historique - résultats
Vous n’avez pas pris ce quiz